Countries by Desserts - Statistics

General Stats
  • This quiz has been taken 170 times
  • The average score is 12 of 16
Answer Stats
Picture Answer % Correct
France
100%
United States
93%
Italy
91%
Japan
91%
Spain
88%
China
84%
United Kingdom
80%
Mexico
75%
Turkey
72%
India
67%
Netherlands
66%
Brazil
60%
Sweden
57%
Australia
56%
Austria
53%
South Africa
19%
No matching quizzes found
Score Distribution
Percent of People with Each Score
Percentile by Number Answered
Your Score History
You have not taken this quiz